ज़मीन का टुकड़ा / (Record no. 115698)

MARC details
000 -LEADER
fixed length control field 00976nam a22002537a 4500
005 - DATE AND TIME OF LATEST TRANSACTION
control field 20170124103028.0
010 ## - LIBRARY OF CONGRESS CONTROL NUMBER
LC control number A-611004
020 ## - INTERNATIONAL STANDARD BOOK NUMBER
Terms of availability 50.00
035 ## - SYSTEM CONTROL NUMBER
System control number A-611004
037 ## - SOURCE OF ACQUISITION
Source of stock number/acquisition Cen Lib/Ret
040 ## - CATALOGING SOURCE
Original cataloging agency DPL
Language of cataloging HN
082 ## - DEWEY DECIMAL CLASSIFICATION NUMBER
Classification number
Item number शर्माया
100 ## - MAIN ENTRY--PERSONAL NAME
Personal name शर्मा, यादवेन्द्र
9 (RLIN) 9690
245 ## - TITLE STATEMENT
Title ज़मीन का टुकड़ा /
Statement of responsibility, etc यादवेन्द्र शर्मा
246 ## - VARYING FORM OF TITLE
Title proper/short title Zameen ka tukara /
Remainder of title by Yadvendra Sharma
260 ## - PUBLICATION, DISTRIBUTION, ETC. (IMPRINT)
Place of publication, distribution, etc दिल्ली
Name of publisher, distributor, etc जगतराम एंड संस
Date of publication, distribution, etc 1993
270 ## - ADDRESS
City दिल्ली
Address ix/221, मेन रोड गाँधी नगर
Postal code 110031
300 ## - PHYSICAL DESCRIPTION
Extent 147पृ.
Dimensions 17सेमी(सजिल्द)
650 ## - SUBJECT ADDED ENTRY--TOPICAL TERM
Topical term or geographic name as entry element हिन्दी साहित्य
9 (RLIN) 62795
650 ## - SUBJECT ADDED ENTRY--TOPICAL TERM
Topical term or geographic name as entry element कहानियां
9 (RLIN) 62796
650 ## - SUBJECT ADDED ENTRY--TOPICAL TERM
Topical term or geographic name as entry element Hindi literature
9 (RLIN) 62797
650 ## - SUBJECT ADDED ENTRY--TOPICAL TERM
Topical term or geographic name as entry element Stories
9 (RLIN) 7500
942 ## - ADDED ENTRY ELEMENTS (KOHA)
Source of classification or shelving scheme Dewey Decimal Classification
Koha item type Hindi Books
Classification part
Call number suffix शर्माया
Holdings
Withdrawn status Lost status Damaged status Not for loan Home library Current library Date acquired Source of acquisition Cost, normal purchase price Total Checkouts Full call number Barcode Date last seen Copy number Cost, replacement price Price effective from Koha item type
        Central Library Central Library 21/08/2015 Cen Lib/Ret 50.00   क शर्माया A-611004 21/08/2015 1 50.00 21/08/2015 Hindi Books

© Delhi Public Library
Hit Counter
free hit counter